000 00328nam a2200121Ia 4500
008 220216s9999 xx 000 0 und d
100 _aLeyden Jerrry J
245 0 _aPredicting the life of TPE seals in severe service environments
260 _bRubber Asia
_c1993
300 _a45-54
700 _aFulmer Michael S
942 _cJS
999 _c65462
_d65462